000 00772nam a22002177a 4500
999 _c8337
_d8337
003 AR-CdUCM
008 190322b ||||| |||| 00| 0 spa d
040 _aMUNICIPALIDAD PROVINCIAL DEL CUSCO
_cBIBLIOTECA MUNICIPAL DEL CUSCO
082 _a512 /
_bK18
100 _aKalnin, R. A.
_923400
245 _aÁlgebra y funciones elementales /
260 _aMoscú :
_bMir,
_c1973.
300 _a468 paginas ;
_c20 cm.
505 _aContenido :Elementos de cálculos aproximados -- Ecuaciones del primer grado -- Desigualdades -- Números reales -- Potencia de exponente racional ...
650 _aÁlgebra
_919778
650 _aProblemas, ejercicios
_919962
650 _aCuadernos de trabajo
_93321
700 _aGrdian, Akop
_923401
942 _2ddc
_cLIBROS
945 _arum